000 01003nam0a22002531 4500
001 rc\2818122
005 20230605192929.0
035 _a(NLR Aleph) 006943823
090 _a5178283
_c5178283
100 _a20110915d1936 |||y0rusy50 ca
101 0 _arus
102 _aRU
105 _aa z |||||
200 1 _aГотов к санитарной обороне
_eПособие для сдающих нормы на значок ГСО 2 ступени
_fЮ. Финклер
_gПод ред. П. И. Замм
_gЦентр. ком-т Красного креста УССР
210 _aРостов-на-Дону
_cАзчерхозиздат
_d1936
_gтип. им. Стачки 1902 г.
215 _a89 с., из них 1 с. на обл.
_cил.
_d20х14 см.
700 1 _aФинклер
_bЮ. М.
_gЮлий Моисеевич
702 1 _aЗамм
_bП. И.
_4340
801 0 _aRU
_bNLR
_gpsbo
801 1 _aRU
_bELAR
_2rusmarc
852 _aNLR
_j36-10/5850
942 _cBOOK
980 _aNB